Land vs. Land #175 - Statistiken

Allgemein
  • Dieses Quiz wurde 25 mal gespielt
  • Das Durchschnittsergebnis liegt bei 11 aus 14
Antwortstatistiken
Frage Antwort % Korrekt
...Einwohner? Deutschland🇩🇪
100%
...Bruttoinlandsprodukt? Deutschland🇩🇪
96%
...Gewinner? Deutschland🇩🇪
96%
...Tourismus? Deutschland🇩🇪
91%
...HDI (Human Development Index)? Deutschland🇩🇪
91%
...durchschnittlicher IQ? Deutschland🇩🇪
91%
...Exportmengen? Deutschland🇩🇪
91%
...Fläche? Deutschland🇩🇪
87%
...Bruttoinlandsprodukt pro Kopf? Deutschland🇩🇪
87%
...Lebenserwartung? Deutschland🇩🇪
87%
...Frieden? Deutschland🇩🇪
83%
...Happy Planet Index? Deutschland🇩🇪
70%
...Militär? Polen🇵🇱
13%
...Gesundheitswesen? Polen🇵🇱
4%
Keine übereinstimmenden Quizze gefunden
Verteilung der Resultate
Anzahl Personen mit jedem Resultat
Perzentil nach korrekt beantworteten Fragen
Ihre Resultats-Entwicklung
Sie haben dieses Quiz noch nicht gespielt